| 000 | 00782nam a22002417a 4500 | ||
|---|---|---|---|
| 005 | 20250425112938.0 | ||
| 008 | 250425b |||||||| |||| 00| 0 eng d | ||
| 020 | _a978-0-691-20821-3 (hbk) | ||
| 037 | _cTB | ||
| 040 |
_aCRL _cCRL |
||
| 041 |
_2eng _aeng |
||
| 084 |
_aV5:19.M R3 _qCRL |
||
| 100 |
_aSluga, Glenda _9752978 |
||
| 245 |
_aInvention of international order: _bRemaking Europe after napoleon |
||
| 260 |
_aPrinceton, USA: _bPrinceton University Press, _c2021. |
||
| 300 | _axvi, 369p. | ||
| 365 |
_b 37.00 _cUSD |
||
| 650 | _2Europe Foreign Relation | ||
| 650 | _2History | ||
| 650 | _2Europe History | ||
| 942 |
_2CC _cTB _hV5:19.M R3 _n0 |
||
| 999 |
_c1309377 _d1309377 |
||